Brawl Stars Brawlers - Mort Subite - Statistiques

Statistiques générales
  • Ce quiz a été pris 447 fois
  • Le résultat moyen est 3 sur 6
Answers on the Grid
Answers color-coded by a green-red scale on the quiz's grid according to % correct below.
Brock
Jack
Robin
Tom
Mina
Glowbert
Sick
Perth
Grom
Wally
Steve
Spike
Mike
Corbac
Bow
Patrique
 
Statistiques - réponses
Réponse % Correct
Brock
95%
Mina
54%
Grom
48%
Corbac
42%
Wally
40%
Spike
33%
Aucun quiz correspondant
Distribution des résultats
% des personnes avec chaque résultat
Percentile par nombre de réponses
Votre historique - résultats
Vous n’avez pas pris ce quiz